000 00783nam a22002297a 4500
003 OSt
005 20260416121213.0
008 260416b |||||||| |||| 00| 0 eng d
037 _cThesis
040 _aFEDL
_beng
_cFEDL
041 _aeng
_heng
082 _a371.97 BAS/TH
100 _aBashir Ahmad
110 _aUniversity of Delhi. Department of Education
245 _aEducation and socio- cultural change:
_bA study of the purig tribe in Ladakh/
_cby Bashir Ahmad; Supervised by Geeta Rai.
260 _aUniversity of Delhi
_c2025
300 _axviii, 251p.
650 _aEDUCATION- SCHEDULED CASTE/ SCHEDULED TRIBES
_91234938
700 _aRai, Geeta. Supervisor.
_9818818
942 _2ddc
_cTH
_h371.97 BAS/TH
_n0
999 _c1848285
_d1848285